| 000 | 00434nam a22001577a 4500 | ||
|---|---|---|---|
| 003 | OSt | ||
| 005 | 20161022121927.0 | ||
| 008 | 161022b xxu||||| |||| 00| 0 eng d | ||
| 020 | _a10:0761933271 | ||
| 040 | _cN/A | ||
| 050 |
_aHD77 _b.M55 2005 |
||
| 100 | _aBritha Mikkelsen | ||
| 245 |
_aMethods for development work and research _bA new guide for practitioners |
||
| 260 |
_aNew Delhi _bSage publications _c2005 |
||
| 942 |
_2lcc _cBK |
||
| 999 |
_c255293 _d255292 |
||